000 00619nam a2200241 i 4500
001 C2-0275780
003 PPAK
005 20180728004446.0
008 061108s2006 enk |||| ||||| | eng d
020 _a075533003X
040 _aPPAK
_beng
_cPPAK
_erda
082 0 4 _a823
_223
090 0 0 _a823
_bOFL
_dG
100 1 _aO'Flanagan, Sheila,
_eauthor
245 1 0 _aHow will I know?
264 1 _aLondon :
_bHeadline Reciew ,
_c2006
300 _a600 pages ;
_c18 cm
336 _2rdacontent
_atext
337 _2rdamedia
_aunmediated
338 _2rdacarrier
_avolume
650 1 0 _aEnglish fiction.
942 _ddc
_cB
999 _c83389
_d83389